| 000 | 00494nam a22001817a 4500 | ||
|---|---|---|---|
| 003 | CEME | ||
| 005 | 20210628203640.0 | ||
| 008 | 210318b xxu||||| |||| 00| 0 eng d | ||
| 020 | _a0-7506-1635-0 | ||
| 040 | _c. | ||
| 082 | _a621.3815 ANA'W | ||
| 100 |
_aWilliams, Jim _966695 |
||
| 245 | _aAnalog circuit design , art science and personalities | ||
| 260 |
_aLONDON _bNEWNES _c1991 |
||
| 300 | _a389P | ||
| 650 |
_aLINEAR INTEGRATED CIRCUITS ELECTRONIC CIRCUITS _966696 |
||
| 942 |
_cBK _2ddc |
||
| 999 |
_c574621 _d574621 |
||